| 000 | 00465nam a2200193Ia 4500 | ||
|---|---|---|---|
| 003 | OSt | ||
| 005 | 20251103150726.0 | ||
| 008 | 250729s2005 xx 000 0 und d | ||
| 020 | _a978-8183164689 | ||
| 040 | _cAL | ||
| 041 | _aeng | ||
| 082 | _a371.2 KRIS | ||
| 100 |
_aKrishnamacharyalu V _9223769 |
||
| 245 | _aSchool management & systems of education | ||
| 260 |
_aNew Delhi _c2005 |
||
| 300 | _a344p | ||
| 650 |
_aEducation _9223770 |
||
| 942 |
_2ddc _cBED |
||
| 999 |
_c236073 _d236073 |
||